Statistiques concernant Liste des pays avec les plus « quelque chose » #1

Cliquez ici pour prendre le quiz!

Statistiques générales

  • Ce quiz a été pris 281 fois
  • Le résultat moyen est 6 sur 14

Statistiques - réponses

Avec...Réponse% Correct
Avec le plus de personnes en prisonUSA
96%
Avec le plus de fuseaux horairesFrance
75%
Avec la population la plus éduquéeCanada
74%
Avec le plus de lacsCanada
74%
Avec la densité de population la plus basseMongolie
54%
Avec le plus de moutons par personneNouvelle-Zélande
52%
Avec les plus gros consommateurs de cannabis (en %)Islande
46%
Avec la plus grande densité de populationMonaco
42%
Avec le plus de volcansIndonésie
40%
Avec la population la plus jeuneNiger
35%
Avec le plus de désertLibye
19%
Avec le plus de personnes en surpoids (en %)Nauru
18%
Avec les plus gros buveurs de bièresRépublique Tchèque
7%
Avec le moins d'arbresHaiti
2%

Distribution des résultats

Percentile par nombre de réponses

% des personnes avec chaque résultat

Votre développement - résultats

Vous n’avez pas pris ce quiz